000 02085nam a2200337 a 4500
001 ebr10288482
003 CaPaEBR
006 m u
007 cr cn|||||||||
008 080813s2009 enka sb 001 0 eng
010 _z 2008035858
020 _z9780199556779
040 _aCaPaEBR
_cCaPaEBR
035 _a(OCoLC)319940590
043 _ae-gx---
050 1 4 _aHC286.8
_b.S767 2009eb
082 0 4 _a330.943
_222
100 1 _aStreeck, Wolfgang,
_d1946-
245 1 0 _aRe-forming capitalism
_h[electronic resource] :
_binstitutional change in the German political economy /
_cWolfgang Streeck.
260 _aOxford ;
_aNew York :
_bOxford University Press,
_c2009.
300 _axiii, 297 p. :
_bill.
504 _aIncludes bibliographical references (p. 273-290) and index.
505 0 _aFive sectors -- Industry-wide collective bargaining : shrinking core, expanding fringes -- Intermediary organization : declining membership, rising tensions -- Social policy : the rise and fall of welfare corporatism -- Public finance : the fiscal crisis of the postwar state -- Corporate governance : the decline of Germany Inc. -- Systemic change : five parallel trajectories -- From system to process -- Endogenous change : time, age, and the self-undermining of institutions -- Time's up : positive externalities turning negative -- Disorganization as liberalization -- Convergence, non-convergence, divergence -- "Economizing'' and the evolution of political-economic institutions -- Internationalization -- German unification -- History -- Bringing capitalism back in.
533 _aElectronic reproduction.
_bPalo Alto, Calif. :
_cebrary,
_d2013.
_nAvailable via World Wide Web.
_nAccess may be limited to ebrary affiliated libraries.
650 0 _aCapitalism
_zGermany.
651 0 _aGermany
_xEconomic policy
_y1990-
651 0 _aGermany
_xEconomic conditions
_y1990-
655 7 _aElectronic books.
_2local
710 2 _aebrary, Inc.
856 4 0 _uhttp://site.ebrary.com/lib/rucke/Doc?id=10288482
_zAn electronic book accessible through the World Wide Web; click to view
999 _c476
_d476